00962nam a22002777a 45000010005000000030006000050050017000110080041000280200018000690400029000870500014001160820010001301000022001402450051001622500045002132600040002583000044002984900026003425050008003685200177003765210020005535210020005736500032005936500023006257000036006488323FISKH20250909095446.0250909b cb ||||| |||| 00| 0 eng d a9780140309584 aFISKHbengcFISKHdFISKH aPZ7.L6585 a839.7 aLindgren, Astrid  aPippi in the south seas / cBy Astrid Lindgren aFirst published by The Viking Press 1959 aNew York : bPuffin Books , c1959. a125 pages : billustrations ;c20 cm .  aPippi Longstockingv3 aV  aThe adventures of the strongest girl in the world, who takes her two friends with her when she travels from Sweden to visit her father, king of an island in the South Seas.8 a850 bLexile 8 aV bRaz-Plus  aPippi LongstockingvFiction aAdventurevFiction aGlanzman, Louis S.eIllustrator